|
|
|
|
| LEADER |
01135nam a22003132a 4500 |
| 001 |
001642557 |
| 003 |
CZ BrMZK |
| 005 |
20210408103836.0 |
| 007 |
ta |
| 008 |
180816s1961 xo er|||||||||||slo d |
| 040 |
|
|
|a ABA001
|b cze
|c ABA001
|d ABA001
|d BOA001
|
| 043 |
|
|
|a e-xo---
|
| 072 |
|
7 |
|a 913(437)
|x Geografie Česka a Slovenska, reálie, cestování
|2 Konspekt
|9 7
|
| 080 |
|
|
|a 913
|2 MRF
|
| 080 |
|
|
|a (437.6)
|2 MRF
|
| 080 |
|
|
|a (0:82-9)
|2 MRF
|
| 100 |
1 |
|
|a Manica, Dušan
|7 jx20041206023
|4 aut
|
| 245 |
1 |
0 |
|a Zemepis Slovenska :
|b sprievodný text ku školskému diafilmu.
|n [1],
|p Bratislava 1. a 2. diel /
|c Dušan Manica [a] Pavol Roško
|
| 246 |
3 |
0 |
|a Bratislava 1. a 2. diel
|
| 260 |
|
|
|a Bratislava :
|b [Krátky film],
|c 1961
|
| 300 |
|
|
|a 8 s. ;
|c 8°
|
| 650 |
0 |
7 |
|a regionální geografie
|z Slovensko
|7 ph116030
|2 czenas
|
| 651 |
|
7 |
|a Bratislava (Slovensko)
|7 ge128816
|2 czenas
|
| 655 |
|
7 |
|a texty
|7 fd133699
|2 czenas
|
| 700 |
1 |
|
|a Roško, Pavol
|7 jx20051114016
|4 aut
|
| 910 |
|
|
|a BOA001
|b X-0485.941,1
|
| 990 |
|
|
|a BK
|
| 991 |
|
|
|b 201806
|
| 996 |
7 |
|
|b 2618954906
|c X-0485.941,1
|l MZK
|r Sklad / do 24 hodin
|n 0
|w 001678366
|u 000010
|a 1
|e BOA001
|j MZK50
|s A
|